| 000 | 00000nas 2200000za 4500 |
| 001 | 9.817906 |
| 003 | CaOODSP |
| 005 | 20221107142604 |
| 007 | cr ||||||||||| |
| 008 | 160518d19131913onc x m o||||f0 |0fre|d |
| 040 | |aCaOODSP|bfre |
| 043 | |an-cn--- |
| 086 | 1 |aA12-6F-PDF |
| 130 | 0 |aBulletin (Canada. Ministère fédéral de l'agriculture) |
| 245 | 10|aBulletin |h[ressource électronique] / |cDominion du Canada, Ministère fédéral de l'agriculture. |
| 260 | |aOttawa : |bDominion du Canada, Ministère fédéral de l'agriculture, |c1913. |
| 300 | |av. : |bill. |
| 310 | |aIrrégulier. |
| 362 | 0 |aNº 2B |
| 500 | |aPublié aussi en anglais sous le titre : Bulletin. |
| 515 | |aParaît depuis Nº 2B?. Ne paraît plus après Nº 2B? |
| 692 | 07|2gccst|aProduit agro-alimentaire |
| 710 | 1 |aCanada. |bMinistère de l'agriculture. |
| 775 | 08|tBulletin |w(CaOODSP)9.817895 |